000 00308nam a2200121Ia 4500
008 191201s2017 xx 000 0 und d
100 _aGARG,B.K.
245 0 _aBhartiya Sahiya Parmuk Dishyan
260 _aN. delhi
_bHaryana Granth Academi
_c2017
300 _a214
650 _aGeneral Books
942 _2ddc
_cBK
999 _c6731
_d6731